Vidas paralelas
Đã lưu trong:
| Tác giả chính: | |
|---|---|
| Định dạng: | Sách |
| Ngôn ngữ: | Tiếng Tây Ban Nha |
| Được phát hành: |
Santiago
Ercilla
1940
|
| Phiên bản: | 2a. ed |
| Loạt: | Colección Amauta
|
| Những chủ đề: | |
| Các nhãn: |
Thêm thẻ
Không có thẻ, Là người đầu tiên thẻ bản ghi này!
|
MARC
| LEADER | 00000nam a2200000 a 4500 | ||
|---|---|---|---|
| 001 | UCP4033 | ||
| 003 | CL-VaPUC | ||
| 008 | 990709e19400000CL |||||||||||||||||spa|d | ||
| 082 | 0 | 4 | |a 920.02 |b PLU |2 21 |
| 100 | 0 | |a Plutarco |e author |9 319084 | |
| 245 | 1 | 0 | |a Vidas paralelas |
| 250 | |a 2a. ed | ||
| 300 | |a v | ||
| 942 | |c BK | ||
| 945 | |d 19990709 00:00:00 |a lriquelm | ||
| 260 | |a Santiago |b Ercilla |c 1940 | ||
| 500 | |a v.3: Alcibiades | ||
| 500 | |a Coriolano | ||
| 500 | |a Timoleon | ||
| 500 | |a Paulo Emilio | ||
| 500 | |a Pelopidas | ||
| 500 | |a Marcelo | ||
| 600 | 0 | 7 | |a ALCIBIADES |2 CL-VaPUC |9 268849 |
| 600 | 0 | 7 | |a CORIOLANO |2 CL-VaPUC |9 268850 |
| 600 | 0 | 7 | |a TIMOLEON |2 CL-VaPUC |9 431441 |
| 600 | 0 | 7 | |a PAULO EMILIO |2 CL-VaPUC |9 431442 |
| 600 | 0 | 7 | |a PELOPIDAS |2 CL-VaPUC |9 431443 |
| 600 | 0 | 7 | |a MARCELO |2 CL-VaPUC |9 431444 |
| 650 | 0 | |a Biografías clásicas |9 265901 | |
| 583 | |a last modification |c 19990709 00:00:00 |k Rodrigo Vera | ||
| 490 | 0 | |a Colección Amauta | |
| 999 | |c 282113 |d 282111 | ||
| 952 | |0 0 |1 0 |4 0 |6 920_020000000000000_PLU_1940 |7 0 |8 A |9 323550 |a BIBHIS |b BIBHIS |d 2019-11-20 |h v.3 |i 1364782 |o 920.02 PLU 1940 |p 1364782 |r 2023-01-25 |w 2019-11-20 |y BK |k HIS | ||